|
|
|
|
| LEADER |
00000nab a2200000 a 4500 |
| 001 |
vtls010111446 |
| 003 |
SK-MaSNL |
| 005 |
20260303194652.0 |
| 008 |
140422c2010 xo ||||||||||||00 b|slo |
| 015 |
|
|
|a SNBRB2010/07
|2 snkbucl
|
| 038 |
|
|
|a SNKBUCL
|
| 040 |
|
|
|a SNKBUCL
|b slo
|c SNKBUCL
|e AACR2
|
| 041 |
0 |
|
|a slo
|
| 044 |
|
|
|a xo
|c SK
|
| 080 |
|
|
|a 792.2
|2 2001
|
| 100 |
1 |
|
|a Polák, Milan,
|d 1932-2022
|4 aut
|9 102381
|
| 245 |
1 |
0 |
|a Varovanie z Arény
|c Milan Polák
|
| 600 |
1 |
7 |
|a Kršňák, Štefan,
|d 1936-1999
|t S brokovnicou na manžela
|2 snkbucl
|9 1227045
|
| 610 |
2 |
7 |
|a Divadlo Aréna
|2 snkbucl
|9 166795
|
| 650 |
0 |
7 |
|a divadelné inscenácie
|2 snkbucl
|9 3326
|
| 650 |
0 |
7 |
|a činohry
|2 snkbucl
|9 3325
|
| 655 |
|
7 |
|a recenzie
|2 snkbucl
|9 21907
|
| 773 |
0 |
|
|t Literárny (dvoj)týždenník
|g Roč. XXIII, č. 17-18 (2010), s. 13
|x 0862-5999
|
| 852 |
|
|
|a SNK
|b KIS3GCP
|
| 958 |
|
|
|a RC
|
| 999 |
|
|
|c 2158809
|d 2160739
|